LEADER 01349nam0 22003011i 450 001 UON00225968 005 20231205103436.881 100 $a20030730d1972 |0itac50 ba 101 $aita 102 $aIT 105 $a|||| ||||| 200 1 $aGuerriglia tupamara (interviste-testimonianze)$fMaria Esther Gilio$ga cura di Valentino Parlato 210 $aVerona$cBertani$d1972. 260 p. ; 20 cm In appendice$cSchede sui tupamaros e sulla guerriglia. Documenti politici. Tit. orig.: La Guerrilla Tupamara 215 $aTrad. di Francesco Serna 410 1$1001UON00176301$12001 $aTesti. Interviste-testimonianze$1210 $aVerona$cBertani$v3 606 $aURUGUAY$xStoria$xSec. 20.$3UONC048447$2FI 606 $aTUPAMAROS$3UONC048448$2FI 620 $aIT$dVerona$3UONL000310 676 $a989.5$cStoria dell'Uruguay$v21 700 1$aGILIO$bMaria Esther$3UONV136836$0686520 702 1$aPARLATO$bValentino$3UONV122440 712 $aBertani$3UONV253859$4650 801 $aIT$bSOL$c20240220$gRICA 899 $aSIBA - SISTEMA BIBLIOTECARIO DI ATENEO$2UONSI 912 $aUON00225968 950 $aSIBA - SISTEMA BIBLIOTECARIO DI ATENEO$dSI Isp.A 980 242 $eSI SP 6575 5 242 $sBuono 996 $aGuerriglia tupamara (interviste-testimonianze$91270368 997 $aUNIOR LEADER 00937nas 2200361 c 450 001 9910894923303321 005 20260218112204.0 035 $a(CKB)3790000000122714 035 $a(DE-599)ZDB2702200-6 035 $a(OCoLC)828795139 035 $a(DE-101)1031089837 035 $a(DE-599)2702200-6 035 $a(EXLCZ)993790000000122714 100 $a20130207b19021926 |y | 101 0 $ager 135 $aur||||||||||| 181 $ctxt$2rdacontent 182 $cc$2rdamedia 183 $acr$2rdacarrier 200 10$aNachrichten der Sektion "Austria" des DuO?A-V 210 31$aWien$d1902-1926 215 $aOnline-Ressource 608 $aZeitschrift$2gnd-content 676 $a793 676 $a796 676 $a050 801 0$b0355 801 1$bDE-101 801 2$b4060 906 $aJOURNAL 912 $a9910894923303321 996 $aNachrichten der Sektion "Austria" des DuO?A-V$94244691 997 $aUNINA